Basic Econometrics (Record no. 10754)

MARC details
000 -LEADER
fixed length control field 00399nam a2200157Ia 4500
008 - FIXED-LENGTH DATA ELEMENTS--GENERAL INFORMATION
fixed length control field 191201s2011 xx 000 0 und d
082 ## - DEWEY DECIMAL CLASSIFICATION NUMBER
Classification number 330.115
Item number GUB
100 ## - MAIN ENTRY--PERSONAL NAME
Personal name GUJARATI, Damodar N
245 #0 - TITLE STATEMENT
Title Basic Econometrics
250 ## - EDITION STATEMENT
Edition statement 6th
260 ## - PUBLICATION, DISTRIBUTION, ETC. (IMPRINT)
Place of publication, distribution, etc New Delhi
Name of publisher, distributor, etc Mc Graw Hill
Date of publication, distribution, etc 2021
300 ## - PHYSICAL DESCRIPTION
Extent 911
650 ## - SUBJECT ADDED ENTRY--TOPICAL TERM
Topical term or geographic name as entry element BA Economics
700 ## - ADDED ENTRY--PERSONAL NAME
Personal name PORTER, Dawn C and PAL, Manoranjan
942 ## - ADDED ENTRY ELEMENTS (KOHA)
Source of classification or shelving scheme Dewey Decimal Classification
Koha item type Text Books
Holdings
Withdrawn status Lost status Source of classification or shelving scheme Damaged status Not for loan Collection code Home library Current library Date acquired Source of acquisition Currency Cost, normal purchase price Bill Number Total Checkouts Full call number Acc. no. / Barcode Date last seen Actual Cost, discounted price Bill Date Koha item type
    Dewey Decimal Classification     B.A Economics PIET NCR College Library PIET NCR College Library 15/07/2021 Kirti Prakashan IN Rupees 845.00 IN2265   330.115 GUB N1254 03/08/2021 574.60 15/07/2021 Text Books
    Dewey Decimal Classification     B.A Economics PIET NCR College Library PIET NCR College Library 15/07/2021 Kirti Prakashan IN Rupees 845.00 IN2265   330.115 GUB N1255 03/08/2021 574.60 15/07/2021 Reference Books

Design & Developed by: PIET Central Library
R70 Miles Stone Pattikalyana Samalkha Panipat 132102
mail ID :- [email protected], Phone No:- 0180-2569700 Ex.216